000 00599nam a22001817a 4500
999 _c190563
_d190563
005 20220727161716.0
010 _aENG-134047
020 _a9788126041329
035 _aEN-117579
037 _bDBAD/PUB
082 _a891.2109
100 _aSankarnarayan, Kapakam
245 _aDHARMASURI & HIS WORK:
_bA Critical Exposition/
_cKapakam Sankarnarayan
260 _aNew Delhi
_bSahitya Akademi
_c2013
270 _aSahitya Akademi, Rabindra Bhavan, 35,Ferozeshah Road,
_bNew Delhi
_e110002
300 _a408p.:
_c21m(Pbk)
_bBiblography & Journal
942 _2ddc
_cEN
_h891.2109
_mSAN